NFL Teams on a Map - Statistics

General Stats
  • This quiz has been taken 307 times
  • The average score is 29 of 32
Answers on the Map
Answers color-coded by a green-red scale on the quiz's map according to % correct below.
 
Answer Stats
Answer % Correct
San Francisco 49ers
95%
Dallas Cowboys
94%
Kansas City Chiefs
94%
Seattle Seahawks
94%
Miami Dolphins
93%
Chicago Bears
92%
Green Bay Packers
92%
Houston Texans
92%
Las Vegas Raiders
92%
New England Patriots
92%
Denver Broncos
91%
New York Giants
91%
Los Angeles Rams
90%
Minnesota Vikings
90%
New Orleans Saints
90%
New York Jets
90%
Baltimore Ravens
89%
Jacksonville Jaguars
89%
Philadelphia Eagles
89%
Tampa Bay Buccaneers
89%
Carolina Panthers
88%
Detroit Lions
88%
Cincinnati Bengals
87%
Pittsburgh Steelers
87%
Arizona Cardinals
86%
Atlanta Falcons
86%
Cleveland Browns
86%
Indianapolis Colts
86%
Los Angeles Chargers
86%
Tennessee Titans
86%
Washington Commanders
86%
Buffalo Bills
84%
No matching quizzes found
Score Distribution
Percent of People with Each Score
Percentile by Number Answered
Your Score History
You have not taken this quiz